[Event "Pielagos op 17th"]
[Site "Pielagos"]
[Date "2011.08.27"]
[Round "1"]
[White "Martinez Duany, Lelys Stanley"]
[Black "Tejedor Garcia, Adolfo"]
[Result "1-0"]
[WhiteElo "2455"]
[BlackElo "1803"]
[PlyCount "67"]
[EventDate "2011.08.27"]
[EventType "swiss"]
[EventRounds "9"]
[EventCountry "ESP"]
[SourceTitle "CBM 144 Extra"]
[Source "ChessBase"]
[SourceDate "2011.10.28"]
[SourceVersion "1"]
[SourceVersionDate "2011.10.28"]
[SourceQuality "1"]

1. e4 c5 2. Nf3 e6 3. Nc3 Nf6 4. e5 Nd5 5. Nxd5 exd5 6. d4 cxd4 7. Qxd4 Qa5+ 8. Bd2 Qc5 9. Qf4 h6 10. Bd3 Nc6 11. 0-0 Be7 12. Qg4 g6 13. Rfe1 d6 14. Qa4 0-0 15. b4 Qb6 16. exd6 Bxd6 17. b5 Ne7 18. Bxh6 Rd8 19. Qh4 Nf5 20. Bxf5 Bxf5 21. Bg5 Bf8 22. Be3 Qc7 23. Bd4 Bg7 24. Bxg7 Kxg7 25. Nd4 Be4 26. f3 Qc5 27. Qf2 Qd6 28. fxe4 dxe4 29. Rxe4 Rh8 30. h3 Rad8 31. Rf1 f5 32. Ne6+ Kf6 33. Nxd8 Qxd8 34. Qd4+ 1-0

[Event "Cantabria-ch"]
[Site "Cantabria"]
[Date "2009.04.25"]
[Round "6"]
[White "Castro Rubin De Celis, Carlos"]
[Black "Tejedor Garcia, Adolfo"]
[Result "0-1"]
[WhiteElo "1629"]
[BlackElo "1812"]
[PlyCount "50"]
[EventDate "2009.03.14"]
[EventType "swiss"]
[EventRounds "7"]
[EventCountry "ESP"]
[SourceTitle "EXT 2024"]
[Source "ChessBase"]
[SourceDate "2023.10.10"]
[SourceVersion "1"]
[SourceVersionDate "2023.10.10"]
[SourceQuality "1"]

1. e4 c5 2. Nf3 e6 3. d4 cxd4 4. Nxd4 Nc6 5. Nc3 Nf6 6. Nxc6 bxc6 7. Bg5 h6 8. Bh4 Qb6 9. Rb1 Nxe4 10. Bd3 Nxc3 11. bxc3 Qa5 12. 0-0 Qxc3 13. Qh5 Bd6 14. Rfd1 Qe5 15. Qxe5 Bxe5 16. Be4 d5 17. Bf3 Ba6 18. Re1 Bc3 19. Re3 Bd4 20. Reb3 0-0 21. Rb4 c5 22. R4b3 Bc4 23. Rb7 Bxa2 24. R1b5 a6 25. Ra5 Bc4 0-1

[Event "Cantabria-ch"]
[Site "Cantabria"]
[Date "2009.03.14"]
[Round "1"]
[White "Tejedor Garcia, Adolfo"]
[Black "De la Calle Gonzalez, Carlos2222"]
[Result "1-0"]
[WhiteElo "1812"]
[BlackElo "1507"]
[PlyCount "67"]
[EventDate "2009.03.14"]
[EventType "swiss"]
[EventRounds "7"]
[EventCountry "ESP"]
[SourceTitle "EXT 2024"]
[Source "ChessBase"]
[SourceDate "2023.10.10"]
[SourceVersion "1"]
[SourceVersionDate "2023.10.10"]
[SourceQuality "1"]

1. e4 e5 2. Nf3 Nc6 3. d4 exd4 4. Bc4 Be7 5. Nxd4 d6 6. Nxc6 bxc6 7. Nc3 Bf6 8. Qh5 Qe7 9. 0-0 Nh6 10. Bxh6 gxh6 11. Qxh6 Bb7 12. e5 dxe5 13. Ne4 Bh4 14. g3 Rg8 15. Qxh7 0-0-0 16. Qxf7 Qxf7 17. Bxf7 Rg7 18. Be6+ Kb8 19. Rad1 Re8 20. Nc5 Bc8 21. Bxc8 Kxc8 22. Rd3 Be7 23. Ne4 Bb4 24. Rfd1 Ba5 25. h4 Rg6 26. Kg2 Bb6 27. c4 a6 28. c5 Ba7 29. Ra3 Rf8 30. Rxa6 Kb7 31. Ra4 Rf4 32. f3 Bxc5 33. Nxc5+ Kc8 34. Ra8# 1-0